000 01419nam a2200421 c 4500
999 _c51346
_d51346
001 51346
003 ES-MaCES
005 20251115040004.0
008 000000s2019 sp 000 | spa d
017 _aAB 478-2019
_bDL
020 _a9788417310790
040 _aES-MaCES
_bspa
_cES-MaCES
100 1 _922329
_aRodríguez Escanciano, Susana
245 1 0 _aTrabajo autónomo y trabajo por cuenta ajena
_b: nuevas formas de precariedad laboral
_cSusana Rodríguez Escanciano, Henar Álvarez Cuesta
250 _a1ª ed
260 _aAlbacete
_bBomarzo
_c2019
300 _a106 p.
_c21 cm
490 1 _aBásicos de Derecho social
_v109
541 _cCompra
650 4 _atrabajo a cuenta propia
_930170
650 4 _atrabajador independiente
_928412
650 4 _asubcontratación
_928256
650 4 _atrabajo subcontratado
_928310
650 4 _aempresa
_928178
650 4 _atrabajador de los servicios
_930112
650 4 _asector público
_927150
650 4 _aeconomía colaborativa
_937923
650 4 _aempleo precario
_930171
650 4 _acondiciones de trabajo
_928327
650 4 _aderecho del trabajo
_927165
650 4 _aEspaña
_926964
650 4 _arégimen jurídico
_929894
653 1 0 _aDerecho del trabajo y Seguridad Social
700 1 _96119
_aÁlvarez Cuesta, Henar
830 0 _aBásicos de Derecho social
_v109
_933978
902 _aLIB Libro
942 _2CES
_cBK
_h6.0.1.